Electrónica industrial moderna / Tomothy J. Maloney (Registro nro. 15535)
[ vista simple ]
| 000 -LÍDER | |
|---|---|
| fixed length control field | 00443nam a2200157 4500 |
| 008 - ELEMENTOS DE LONGITUD FIJA -- INFORMACIÓN GENERAL | |
| fixed length control field | 0 1997 0a 000 0MEX |
| 020 ## - NÚMERO INTERNACIONAL NORMALIZADO PARA LIBROS | |
| ISBN | 968-880-847-4 |
| 050 ## - SIGNATURA TOPOGRAFICA DE LA BIBLIOTECA DEL CONGRESO (LC) | |
| Número de Clasificación | TK7881 M34 1997 |
| 082 ## - NUMERO DE CLASIFICACION DECIMAL DEWEY | |
| Número de Clasificación | 621.381 M325e |
| 100 ## - ASIENTO PRINCIPAL--NOMBRE PERSONAL | |
| Nombre personal | Maloney, Timothy J. |
| 245 ## - TÍTULO | |
| Título | Electrónica industrial moderna / Tomothy J. Maloney |
| 250 ## - MENCIÓN DE EDICIÓN | |
| Mención de edición | 3 |
| 260 ## - PUBLICACIÓN, DISTRIBUCIÓN, ETC. (PIE DE IMPRENTA) | |
| Lugar de publicación, distribución, etc. | México : Pearson Educación |
| 300 ## - DESCRIPCIÓN FÍSICA | |
| Extensión | xxiii, 845 p. / 26 cm. |
| 650 ## - ASIENTO SECUNDARIO DE MATERIA - TERMINO TEMÁTICO | |
| Término temático o nombre geográfico como elemento de entrada | 1.ELECTRONICA |
| No. biblioteca | No. biblioteca | Número de clasificación | Código de barras/Número de adquisición | Número de copia | Tipo de material |
|---|---|---|---|---|---|
| LUIS G. INCLAN | LUIS G. INCLAN | 621.381 M325e | 32925 | 12 | Libros |
| LUIS G. INCLAN | LUIS G. INCLAN | 621.381 M325e | 32926 | 13 | Libros |
| LUIS G. INCLAN | LUIS G. INCLAN | 621.381 M325e | 35238 | 14 | Libros |
| LUIS G. INCLAN | LUIS G. INCLAN | 621.381 M325e | 35239 | 15 | Libros |
| LUIS G. INCLAN | LUIS G. INCLAN | 621.381 M325e | 35240 | 16 | Libros |
| LUIS G. INCLAN | LUIS G. INCLAN | 621.381 M325e | 41052 | 17 | Libros |
| LUIS G. INCLAN | LUIS G. INCLAN | 621.381 M325e | 41053 | 18 | Libros |
| LUIS G. INCLAN | LUIS G. INCLAN | 621.381 M325e | 28665 | 8 | Libros |
| LUIS G. INCLAN | LUIS G. INCLAN | 621.381 M325e | 29563 | 11 | Libros |
